| 000 | 00000nam 2200000zi 4500 |
| 001 | 9.954793 |
| 003 | CaOODSP |
| 005 | 20250908093008 |
| 006 | m o d f |
| 007 | cr mn||||||||| |
| 008 | 250904s2025 onc obs f000 0 fre d |
| 020 | |a9780660787756 |
| 040 | |aCaOODSP|bfre|erda|cCaOODSP |
| 043 | |an-cn---|an------ |
| 086 | 1 |aPS83-3/486F-PDF |
| 100 | 1 |aFischer, Benedikt,|d1966- |eauteur. |
| 245 | 10|aSurdoses liées à la consommation de substances chez les personnes exposées à l'incarcération : |bcompilation et revue de la littérature récente (travaux de recherche portant principalement sur l'Amérique du Nord) / |cBenedikt Fischer, Elnaz Moghimi, Tessa Robinson, Sara Johnson. |
| 264 | 1|aOttawa, Ontario : |bService correctionnel Canada = Correctional Service Canada, |c2025. |
| 300 | |a1 ressource en ligne (vii, 62 pages). |
| 336 | |atexte|btxt|2rdacontent/fre |
| 337 | |ainformatique|bc|2rdamedia/fre |
| 338 | |aressource en ligne|bcr|2rdacarrier/fre |
| 490 | 1 |aRapport de recherche ; |vn° R-486 |
| 500 | |a« Transformons des vies. Protégeons les Canadiens » -- Couverture. |
| 500 | |aPublié aussi en anglais sous le titre : Substance use-related overdose among incarceration-exposed individuals : a recent literature compilation and review (with primary focus on North America). |
| 504 | |aComprend des références bibliographiques (pages 47-62). |
| 520 | |a« Cette revue exploratoire de la littérature avait pour but de recenser, de structurer et de résumer les principales publications récentes portant sur la consommation de substances et plus précisément sur les surdoses liées aux drogues (y compris les facteurs de risque et covariables à differents niveaux, l'accent étant mis sur les opioïdes synthétiques) et les interventions connexes au sein des populations et environnements correctionnels, et ce, principalement au Canada (Amérique du Nord) » -- Page 1. |
| 650 | 6|aMédicaments|xSurdosage|zCanada|vStatistiques. |
| 650 | 6|aPrisonniers|xUsage des drogues|zCanada|vStatistiques. |
| 650 | 6|aAbus de substances psychoactives et littérature|zAmérique du Nord. |
| 655 | 7|aStatistiques|2rvmgf |
| 710 | 2 |aService correctionnel Canada, |eorganisme de publication. |
| 775 | 08|tSubstance use-related overdose among incarceration-exposed individuals : |w(CaOODSP)9.954792 |
| 830 | #0|aRapport de recherche (Service correctionnel Canada. Direction de la recherche)|vn° R-486. |w(CaOODSP)9.502465 |
| 856 | 40|qPDF|s830 Ko|uhttps://publications.gc.ca/collections/collection_2025/scc-csc/PS83-3-486-fra.pdf |